[Event "New Delhi Parsvnath op-C 17th"]
[Site "New Delhi"]
[Date "2019.01.13"]
[Round "1.1"]
[White "Parus, Banota"]
[Black "Kasar, Gunvant"]
[Result "1/2-1/2"]
[WhiteElo "1183"]
[BlackElo "1499"]
[PlyCount "57"]
[EventDate "2019.01.13"]
[EventType "swiss"]
[EventRounds "10"]
[EventCountry "IND"]
[SourceTitle "EXT 2024"]
[Source "ChessBase"]
[SourceDate "2023.10.10"]
[SourceVersion "1"]
[SourceVersionDate "2023.10.10"]
[SourceQuality "1"]

1. d4 Nf6 2. c4 g6 3. Nc3 Bg7 4. e4 d6 5. Nf3 0-0 6. Bg5 h6 7. Bh4 Nbd7 8. Be2 e5 9. dxe5 dxe5 10. 0-0 g5 11. Bg3 Nh7 12. h3 Re8 13. Qc2 c6 14. Rad1 Qe7 15. Rfe1 Nhf8 16. Nh2 Ne6 17. Nf1 Nd4 18. Qc1 Nf8 19. Ne3 Ng6 20. Bg4 Nf4 21. Bxc8 Raxc8 22. Bxf4 gxf4 23. Nf5 Qg5 24. Nxg7 Qxg7 25. Kh1 Re6 26. Ne2 f3 27. Ng3 Ne2 28. Qe3 Rf6 29. gxf3 1/2-1/2